000 00949nam a2200169Ia 4500
008 090123s9999 xx 000 0 und d
082 _b33654
100 _aजायस्वाल जयनारायण
245 _aगांडुळ शेती म्हणजे सर्वे संतु निरामया अर्थात कुंडीमधले देवघर
250 _a1
260 _bराम रहिम
600 _aजायस्वाल जयनारायण
630 _aगांडुळ शेती म्हणजे सर्वे संतु निरामया अर्थात कुंडीमधले देवघर
700 _aजायस्वाल जयनारायण
730 _aगांडुळ शेती म्हणजे सर्वे संतु निरामया अर्थात कुंडीमधले देवघर
942 _cBOOK
999 _c71713
_d71713